01350nam a2200301 a 450000100100000000500170001000800410002704000250006808200260009311101030011924500920022226000780031430000280039249000250042050000820044550400280052765000290055565000280058465000280061265000310064070000280067183000320069991000370073104900090076895201240077795201300090199900170103100001731320240530073934.0100322s1992 dr a 000 0 spa d aDO-SdBNPbspacBNPHU aRD868.44bC744c, 19912 aConcurso Literario de Cuento, Poesía y Ensayod(1991 :cSantiago, República dominicana)93796810aConcurso literario de cuento, poesía y ensayo 1991 /cintroducción Jhonny Guerrero. aSantiago de los Caballeros :bSociedad Cultural Alianza Cibaeña,c1992. a186 p. :bil. ;c20 cm.1 aAlianza Cibaeñav3 aIncluye datos biográficos de los autores premiados en las páginas 181-184 aBibliografía : p. 180 0aCuentos dominicanos9176 0aPoesía dominicana966 0aEnsayos dominicanos965 0aLiteratura dominicana.96712aGuerrero, Jhonny925311 0aAlianza Cibaeñan3937969 aValidado. Control de calidad MFF aBNPD 0010718PDaPDbPDcHDd2010-03-22iLF1l0oRD868.44 C744c, 1991p17313-10r2020-06-25w2020-06-25yLFPDZNo se presta 0010718PDaPDbPDcHDd2011-07-07iLF1l0oRD868.44 C744c, 1991p17313-20r2020-06-25te. 2w2020-06-25yLFPDZNo se presta c16838d16838